Intercultural communication (Record no. 7727)

MARC details
000 -LEADER
fixed length control field 00613nam a22002057a 4500
003 - CONTROL NUMBER IDENTIFIER
control field OSt
005 - DATE AND TIME OF LATEST TRANSACTION
control field 20220222101749.0
008 - FIXED-LENGTH DATA ELEMENTS--GENERAL INFORMATION
fixed length control field 220222b ||||| |||| 00| 0 eng d
020 ## - INTERNATIONAL STANDARD BOOK NUMBER
International Standard Book Number 9780415489423
040 ## - CATALOGING SOURCE
Transcribing agency DDC
082 ## - DEWEY DECIMAL CLASSIFICATION NUMBER
Classification number 302 HOL 2011
100 ## - MAIN ENTRY--PERSONAL NAME
Personal name Holiday , Adrian: Hyde , Martin : Kullman, John
9 (RLIN) 15772
245 ## - TITLE STATEMENT
Title Intercultural communication
Remainder of title : an advanced resource book for students
250 ## - EDITION STATEMENT
Edition statement 2nd ed.
260 ## - PUBLICATION, DISTRIBUTION, ETC. (IMPRINT)
Place of publication, distribution, etc. New York
Name of publisher, distributor, etc. :Taylor and Francis
Date of publication, distribution, etc. , c 2011
300 ## - PHYSICAL DESCRIPTION
Extent xxii,336p.
Dimensions ; 25 cm
504 ## - BIBLIOGRAPHY, ETC. NOTE
Bibliography, etc References<br/>index
650 ## - SUBJECT ADDED ENTRY--TOPICAL TERM
Topical term or geographic name as entry element Intercultural communication
9 (RLIN) 7682
942 ## - ADDED ENTRY ELEMENTS (KOHA)
Source of classification or shelving scheme Dewey Decimal Classification
Koha item type Book
Holdings
Withdrawn status Lost status Source of classification or shelving scheme Damaged status Not for loan Home library Current library Date acquired Inventory number Total Checkouts Full call number Barcode Date last seen Price effective from Koha item type
    Dewey Decimal Classification     Faculty of Interdisciplinary Studies Library Faculty of Interdisciplinary Studies Library 22/02/2022 11/4324   302 HOL 2011 2022-0272 22/02/2022 22/02/2022 Book